Návrh počítačovej siete podniku : Bakalárska práca

Guardado en:
Detalles Bibliográficos
Autor principal: Fuska, Juraj (Autor)
Otros Autores: Kusenda, Andrej (xxx)
Formato: Manuscrito Libro
Lenguaje:eslovaco
Publicado: Trnava : STU v Bratislave MtF KAIA, 2006
Materias:
Etiquetas: Agregar Etiqueta
Sin Etiquetas, Sea el primero en etiquetar este registro!

MARC

LEADER 00000ntm a22000003a 4500
001 stu130836
005 20160719155625.1
008 061206s2006----xo------------------slo-d
040 |a STU  |b slo 
041 0 |a slo 
044 |a xo 
100 1 |a Fuska, Juraj  |4 aut 
245 1 |a Návrh počítačovej siete podniku :  |b Bakalárska práca 
260 |a Trnava :  |b STU v Bratislave MtF KAIA,  |c 2006 
300 |a 54 s  |c príl (1 CD-ROM) 
650 7 |a aplikovaná informatika a automatizácia v priemysle  |2 stusub 
650 7 |a počítačové siete  |2 stusub 
700 1 |a Kusenda, Andrej  |4 xxx 
996 |b 284M075185  |c M*BP-2315  |l MMSKP  |s P  |a 0  |w stu130836_0001